000 01064nam a22002777a 4500
999 _c115102
_d115102
003 dpl
005 20180927140848.0
008 180927b ||||| |||| 00| 0 eng d
010 _aB-038588
020 _c200.00
_a8173153507
035 _aB-038588, B-038606
037 _bCen Lib/Ret
040 _aDPL
_bHN
_c0
082 _a
_bमूर्तीसु
100 _aमूर्ती, सुधा
_959890
245 _aडॉलर बहु /
_cसुधा मूर्ती
246 _aDollar bahu /
_bby Sudha Moorti
260 _aनयी दिल्ली
_bप्रभात प्रकाशन
_c2001
270 _a४/११ असफ अली रोड
_bनयी दिल्ली
_e110002
300 _a177पृ.
_c20सेमी(सजिल्द )
650 _aहिंदी साहित्य
_x
_z
_959891
650 _aहिंदी उपन्यास
_959892
650 _aHindi literature
_v
_959893
650 _aHindi fiction
_927248
942 _2ddc
_cHN
_h
_mमूर्तीसु